Catálogo público

Relating nutrient and water uptake models to biotic interactions, nutrient cycling and plant growth (Record no. 63659)

MARC details
000 -CABECERA
campo de control de longitud fija 01040cam a22002897a 4500
005 - FECHA Y HORA DE LA ÚLTIMA TRANSACCIÓN
campo de control 20220329141148.0
008 - DATOS DE LONGITUD FIJA--INFORMACIÓN GENERAL
campo de control de longitud fija 971010s r 00010 d
010 ## - NÚMERO DE CONTROL DE LA BIBLIOTECA DEL CONGRESO
Número de control de LC 63659
011 ## - ENLACE DEL NUMERO DE CONTROL DE LA BIBLIOTECA DEL CONGRESO [OBSOLETO]
Número de control de LC 64631
035 ## - NÚMERO DE CONTROL DEL SISTEMA
Número de control de sistema 70534
090 ## - LOCALMENTE ASIGNADO TIPO-LC NÚMERO DE CLASIFICACIÓN (OCLC); NÚMERO DE CLASIFICACIÓN LOCAL (RLIN)
Número de clasificación (OCLC) (R) ; Numero de clasificación, CALL (RLIN) (NR) R-49
100 00 - ENTRADA PRINCIPAL--NOMBRE DE PERSONA
Nombre de persona Grove, Thurman L.
9 (RLIN) 50835
245 #0 - MENCIÓN DE TÍTULO
Título Relating nutrient and water uptake models to biotic interactions, nutrient cycling and plant growth
500 ## - NOTA GENERAL
Nota general Sobretiro de: Agriculture, Ecosystems and Environment 24: 361-368, 1988.
590 ## - NOTA LOCAL (RLIN)
Nota local BATCH-UPD
Procedencia (VM) [OBSOLETO] 10
Condición del los carretes individuales (VM) [OBSOLETO] 20130110
-- UCH01
-- 0207
590 ## - NOTA LOCAL (RLIN)
Nota local BATCH-UPD
Procedencia (VM) [OBSOLETO] 10
Condición del los carretes individuales (VM) [OBSOLETO] 20130110
-- UCH01
-- 0810
590 ## - NOTA LOCAL (RLIN)
Nota local BATCH-UPD
Procedencia (VM) [OBSOLETO] 10
Condición del los carretes individuales (VM) [OBSOLETO] 20130410
-- UCH01
-- 1031
590 ## - NOTA LOCAL (RLIN)
Nota local BATCH-UPD
Procedencia (VM) [OBSOLETO] 10
Condición del los carretes individuales (VM) [OBSOLETO] 20130914
-- UCH01
-- 0745
590 ## - NOTA LOCAL (RLIN)
Nota local CONVERSION
Procedencia (VM) [OBSOLETO] 10
Condición del los carretes individuales (VM) [OBSOLETO] 20130109
-- UCH01
-- 1334
650 14 - PUNTO DE ACCESO ADICIONAL DE MATERIA--TÉRMINO DE MATERIA
Término de materia o nombre geográfico como elemento de entrada Diagnóstico foliar.
9 (RLIN) 32394
650 14 - PUNTO DE ACCESO ADICIONAL DE MATERIA--TÉRMINO DE MATERIA
Término de materia o nombre geográfico como elemento de entrada Plantas
Subdivisión general Crecimiento
-- Aditivos.
9 (RLIN) 88804
650 14 - PUNTO DE ACCESO ADICIONAL DE MATERIA--TÉRMINO DE MATERIA
Término de materia o nombre geográfico como elemento de entrada Plantas
Subdivisión general Efecto del medio ambiente.
9 (RLIN) 88821
700 0# - PUNTO DE ACCESO ADICIONAL--NOMBRE DE PERSONA
Nombre de persona Bouldin, D. R.
9 (RLIN) 14754
700 0# - PUNTO DE ACCESO ADICIONAL--NOMBRE DE PERSONA
Nombre de persona Riha, S. J.
9 (RLIN) 97417
901 ## - ELEMENTOS DE DATOS A LOCAL LDA (RLIN)
a BK
949 ## - PROCESAMIENTO DE INFORMACIÓN LOCAL (OCLC)
a R-49
b ZA
c LIBRO
d -2890
e TS1
i 70534
s i

No items available.